Lírica clásica española (antología siglos XVI-XVII)

Kaydedildi:
Detaylı Bibliyografya
Materyal Türü: Kitap
Dil:Undetermined
Baskı/Yayın Bilgisi: Santiago, Chile Ediciones Universitarias de Valparaíso 1975
Konular:
Etiketler: Etiketle
Etiket eklenmemiş, İlk siz ekleyin!

MARC

LEADER 00000nam a2200000Ia 4500
008 170316s9999 xx 000 0 und d
040 |a cru BVZT 
090 |a C-862 L-2L 
245 |a Lírica clásica española (antología siglos XVI-XVII) 
260 |a Santiago, Chile 
260 |b Ediciones Universitarias de Valparaíso 
260 |c 1975 
300 |a 115 páginas 
650 |a LITERATURA ESPAÑOLA 
650 |a CRÍTICA 
999 |c 13149  |d 13149 
942 |c 15 D  |h C-862 L-2L  |2 z